000 00811nam a2200265 a 4500
008
020 _a0198538138 (cased)
049 _aMAIN
090 _aQA76.9.A43
_bMEG
100 1 _aMegson, G. M.
245 1 3 _aAn introduction to systolic algorithm design /
_cG.M. Megson.
260 _aOxford :
_bClarendon Press,
_c1992.
300 _axi, 345 p. :
_bill. ;
_c24 cm.
440 _aOxford science publications.
504 _aIncludes bibliographical references: p. 332-342.
500 _aIncludes index.
650 0 _aComputer algorithms.
650 0 _aSystolic array circuits.
650 0 _aParallel programming.
907 _a.b10041278
_b13-06-14
_c17-04-03
003
005 20230123133428.0
040 _cNUST
942 _cBOOKS
_kQA76.9.A43
_mMEG
999 _c148418
_d148418